000
00344nam a2200145Ia 4500
008
150201s2006 xx 000 0 und d
082
_a
616.0757
_b
X06B
100
_a
BEGG,J.D
245
_a
ABDOMINAL X-RAYS MADE ESY
250
_a
2ND
260
_b
ELSEVIER
_a
DELHI
_c
2006
300
_a
1-359
650
_a
RADIOLOGY & DIAGNOSIS
942
_2
ddc
_c
BK
999
_c
371
_d
371